| 000 | 00379nam a2200097Ia 4500 | ||
|---|---|---|---|
| 008 | 220203s9999 xx 000 0 und d | ||
| 100 | _aC. Kuruvilla Jacob | ||
| 245 | 0 | _aGlobal Competitiveness of Indian Rubber Plantation Industry: Rubber Planters Conference, India, 21-22 November 2002, Kottayam, India | |
| 260 |
_bRubber Research Institute of India _aKottayam _c2003 |
||
| 942 | _cPN | ||
| 999 |
_c45227 _d45227 |
||